000
00313nam a22001217a 4500
999
_c
5076
_d
5076
008
250520b ||||| |||| 00| 0 eng d
020
_a
9781682970256
082
_a
570 PAR
100
_a
PARKER,STEVE
_e
AUTHOR
245
_a
BUBBLING BIOLOGY
260
_a
6 ORCHARD,LAKE FOREST,CA 92630
_b
QEB PUBLISHING
942
_2
ddc